Blue Banisters - Album (Lana Del Rey) - Statistics

General Stats
  • This quiz has been taken 74 times
  • The average score is 12 of 15
Answer Stats
# Title % Correct
2. Blue Banisters
95%
1. Text Book
93%
10. Thunder
90%
9. Dealer
88%
4. (Interlude) The Trio
88%
5. Black Bathing Suit
85%
15. Sweet Carolina
85%
3. Arcadia
83%
6. If You Lie Down With Me
80%
13. Living Legend
78%
14. Cherry Blossom
76%
12. Nectar Of The Gods
76%
8. Violets for Roses
76%
7. Beautiful
73%
11. Wildflower Wildfire
71%
No matching quizzes found
Score Distribution
Percent of People with Each Score
Percentile by Number Answered
Your Score History
You have not taken this quiz